000 00706cam a2200253 a 4500
001 000008615
005 20200929161355.0
008 920303s1994 sp 000 f spa d
020 _a8432205842
040 _aDO-SdBNP
_bspa
_cLC
_dBNPHU
082 _a863.64
_bL791Ll, 1994
100 1 _aLlamazares, Julio,
_d1955-
_913441
245 1 3 _aLa lluvia amarilla /
_cJulio Llamazares.
250 _a22a ed.
260 _aBarcelona :
_bSeix Barral,
_c1994.
300 _a143 p. ;
_c20 cm.
490 1 _aBiblioteca breve
650 4 _aNovela española
_91123
650 4 _aLiteratura española
_9632
830 0 _aBiblioteca breve
_913442
910 _aCatalogación derivada
910 _aWM
049 _aBNGR
999 _c8385
_d8385